| 000 | 01098nam a22002897a 4500 | ||
|---|---|---|---|
| 005 | 20240530110359.0 | ||
| 008 | 150118s2010 ua d g b 000 0 ara d | ||
| 017 |
_a2010/1728 _bمصر . دار الكتب المصرية |
||
| 020 | _a9789774311744 | ||
| 040 | _aEG-CaGPL | ||
| 041 | 0 | _aara | |
| 082 | 0 | 4 |
_221 _a362.7\ _bع م |
| 100 | 0 | _aعبداللطيف عبدالقوى سعيد مصلح | |
| 245 | 1 | 0 |
_aمشاكل الوسط الاسرى و علاقتها بانحراف الاحداث / _cعبداللطيف عبدالقوى سعيد مصلح |
| 250 | _aط 1 | ||
| 260 |
_aالقاهرة : _bمؤسسة طيبة للنشر و التوزيع ؛ _c2010 |
||
| 300 |
_a235 ص : _bايض ؛ _c24 سم |
||
| 504 | _aببليوجرافية : ص 226 - 235 | ||
| 650 | 0 | 4 | _aالاحداث |
| 650 | 0 | 4 |
_aالاطفال _xرعاية اجتماعية |
| 650 | 0 | 4 | _aالعلاقات الاسرية |
| 650 | 0 | 4 | _aالاباء و الابناء |
| 650 | 0 | 4 |
_aالاسرة _xتفكك |
| 650 | 0 | 4 | _aجناح الاحداث |
| 942 |
_2ddc _cBK |
||
| 999 |
_c60228 _d60228 |
||